<?xml version="1.0" encoding="UTF-8"?>
<collection xmlns="http://www.loc.gov/MARC21/slim">
 <record>
  <leader>01413nam a2200217Ia 4500</leader>
  <controlfield tag="001">TDMU_28480</controlfield>
  <controlfield tag="008">210410s9999    xx            000 0 und d</controlfield>
  <datafield tag="082" ind1=" " ind2=" ">
   <subfield code="a">395.230959745</subfield>
  </datafield>
  <datafield tag="090" ind1=" " ind2=" ">
   <subfield code="b">NG450</subfield>
  </datafield>
  <datafield tag="100" ind1=" " ind2=" ">
   <subfield code="a">Ngô, Đăng Lợi</subfield>
  </datafield>
  <datafield tag="245" ind1=" " ind2="0">
   <subfield code="a">Lễ hội chọi trâu Đồ Sơn</subfield>
  </datafield>
  <datafield tag="245" ind1=" " ind2="0">
   <subfield code="c">Ngô, Đăng Lợi (t.hiểu, ng.cứu, g.thiệu)</subfield>
  </datafield>
  <datafield tag="260" ind1=" " ind2=" ">
   <subfield code="a">H.</subfield>
  </datafield>
  <datafield tag="260" ind1=" " ind2=" ">
   <subfield code="b">Mỹ thuật</subfield>
  </datafield>
  <datafield tag="260" ind1=" " ind2=" ">
   <subfield code="c">2016</subfield>
  </datafield>
  <datafield tag="300" ind1=" " ind2=" ">
   <subfield code="a">175 tr.</subfield>
  </datafield>
  <datafield tag="520" ind1=" " ind2=" ">
   <subfield code="a">Thư mục tài liệu tham khảo tr. 167 - 171; Đặc điểm vùng đất - con người Đồ Sơn (đặc điểm Đồ Sơn hiện nay, cư dân Đồ Sơn, các dòng họ, phong tục tập quán, truyền thống yêu nước dân chủ cách mạng, tín ngưỡng - tôn giáo, văn học nghệ thuật); lễ hội chọi trâu Đồ Sơn (lược sử hình thành lễ hội, tổ chức đấu loại, lễ đấu vòng chung kết, tức lễ hội chính ngày 9/8)</subfield>
  </datafield>
  <datafield tag="650" ind1=" " ind2=" ">
   <subfield code="a">Văn hóa dân gian</subfield>
   <subfield code="x">Lễ hội</subfield>
   <subfield code="x">Chọi trâu</subfield>
   <subfield code="z">Đồ Sơn (Hải Phòng - Việt Nam); Lễ hội</subfield>
   <subfield code="x">Chọi trâu</subfield>
   <subfield code="x">Văn hóa</subfield>
  </datafield>
  <datafield tag="700" ind1=" " ind2=" ">
   <subfield code="a">Hội Văn nghệ dân gian Việt Nam</subfield>
  </datafield>
  <datafield tag="856" ind1=" " ind2=" ">
   <subfield code="u">http://lrc.tdmu.edu.vn/opac/search/detail.asp?aID=2&amp;ID=28480</subfield>
  </datafield>
  <datafield tag="980" ind1=" " ind2=" ">
   <subfield code="a">Trung tâm Học liệu Trường Đại học Thủ Dầu Một</subfield>
  </datafield>
 </record>
</collection>
